AH International Schools' Libraries

Oliver Twist / (Record no. 48415)

MARC details
000 -LEADER
fixed length control field 01048cam a2200241 a 4500
020 ## - INTERNATIONAL STANDARD BOOK NUMBER
International Standard Book Number 1402726651
042 ## - AUTHENTICATION CODE
Authentication code lcac
100 1# - MAIN ENTRY--PERSONAL NAME
Personal name Olmstead, Kathleen.
Relator term author.
9 (RLIN) 18962
245 10 - TITLE STATEMENT
Title Oliver Twist /
Statement of responsibility, etc retold from the Charles Dickens original ; abridged by Kathleen Olmstead ; illustrated by Dan Andreasen.
260 ## - PUBLICATION, DISTRIBUTION, ETC. (IMPRINT)
Place of publication, distribution, etc New York :
Name of publisher, distributor, etc Sterling Pub.,
Date of publication, distribution, etc 2006.
300 ## - PHYSICAL DESCRIPTION
Extent 151 p. :
Other physical details ill. ;
Dimensions 20 cm.
440 #0 - SERIES STATEMENT/ADDED ENTRY--TITLE
Title Classic starts
490 ## - SERIES STATEMENT
Series statement Classic Starts
520 ## - SUMMARY, ETC.
Summary, etc An abridged version of the adventures of the orphan boy who is forced to practice thievery and live a life of crime in nineteenth-century London.
650 #1 - SUBJECT ADDED ENTRY--TOPICAL TERM
Topical term or geographic name as entry element Orphans
Form subdivision Fiction.
650 #1 - SUBJECT ADDED ENTRY--TOPICAL TERM
Topical term or geographic name as entry element Robbers and outlaws
Form subdivision Fiction.
651 #1 - SUBJECT ADDED ENTRY--GEOGRAPHIC NAME
Geographic name London (England)
Form subdivision Fiction.
651 #1 - SUBJECT ADDED ENTRY--GEOGRAPHIC NAME
Geographic name Great Britain
General subdivision History
Chronological subdivision 19th century
Form subdivision Fiction.
700 1# - ADDED ENTRY--PERSONAL NAME
Personal name Andreasen, Dan,
Relator term ill.
9 (RLIN) 81801
700 1# - ADDED ENTRY--PERSONAL NAME
Personal name Dickens, Charles,
Dates associated with a name 1812-1870.
Title of a work Oliver Twist.
942 ## - ADDED ENTRY ELEMENTS (KOHA)
Source of classification or shelving scheme
Koha item type Book

No items available.

For any Logos Library related questions please contact Miss Art at swongnarasuk@asianhope.org.

For any Asian Hope Library related questions please contact Miss Raza at graza@asianhope.org.

Powered by Koha